000 00338nam a2200085Ia 4500
008 220204s9999 xx 000 0 und d
245 4 _aThe funding and organization of agricultural research in India: Evolution and emerging policy issues
260 _aNew Delhi
_bNational Centre for Agricultural Economics & Policy Research
_c2003
942 _cBK
999 _c44053
_d44053